Statistics for MLB Franchise by Nickname

Click here to take the quiz!

General Stats

  • This quiz has been taken 54 times
  • The average score is 24 of 30

Answer Stats

Nickname Team % Correct
Big Red MachineCincinnati Reds
97%
Bronx BombersNew York Yankees
97%
FishMiami Marlins
92%
TribeCleveland Indians
92%
BearsChicago Cubs
92%
BirdsToronto Blue Jays
92%
SnakesArizona Diamondbacks
92%
'O'sBaltimore Orioles
92%
NatsWashington Nationals
92%
HalosLos Angeles Angels
92%
RedbirdsSt. Louis Cardinals
90%
BucsPittsburgh Pirates
87%
Lone StarsTexas Rangers
87%
FriarsSan Diego Padres
85%
RoxColorado Rockies
82%
CatsDetroit Tigers
79%
'M'sSeattle Mariners
79%
MantasTampa Bay Rays
79%
TwinkiesMinnesota Twins
77%
Phightin'sPhiladelphia Phillies
77%
StarsHouston Astros
74%
Boys in BlueLos Angeles Dodgers
74%
South SidersChicago White Sox
72%
Amazin'sNew York Mets
69%
America's TeamAtlanta Braves
64%
CrewMilwaukee Brewers
64%
Olde Towne TeamBoston Red Sox
59%
JintsSan Francisco Giants
59%
Blue CrewKansas City Royals
59%
White ElephantsOakland Athletics
59%

Score Distribution

Percentile by Number Answered

Percent of People with Each Score

Your Score History

You have not taken this quiz